00753nam a2200205 a 4500008004100000020001500041050001500056100001800071245006300089250001200152260002800164300002100192350000900213650002200222650002500244700002100269995010900290999001700399952013100416081223s2005 ||||||||||||||||| || u a0125506562 aQR 100 Pep aPepper, Ian L10aEnviromental microbiology: a laboratory manual. -- 2nd ed. a2nd ed. aLondon:bElsevierc2005 axvii, 209p.: ill a0.00 aMicrobial ecology aMEDICAL MICROBIOLOGY aGerba, Charles P D0.00FCBU-MAIN LIBRARY (Kitwe)H1I0.00M1UAVAILABLEWJun 10, 2010ZMain Library Open Access Collection c42129d42129 00102lcc4070a001b001cMain Library Open Access Collectiond2022-11-30l0oQR 100 Pepp739546r2022-11-30w2022-11-30y002